00887nam a2200241 u 450000100070000000500170000700800410002403500110006504000130007604100080008905000060009710000500010324501080015326000160026130000120027750000490028950001680033865000210050665000300052765000190055765000230057670000460059959520720260506084509.0000517nuuuuuuuu spa  a595207 ccomduadb aspa 4aF10aArias Gutiérrez, María Patricia4auteaut10aEfectos de la deshidratacion sobre el cortisol durante una actividad fisica intensa y de larga duracion aMedellín. ap.25-30 aTomado de: Acta Medica Colombiana 25(1)2000. aTrabajo producto de una investigacion realizada en la Corporacion de Ciencias Basica Biomedicas con el auspicio de la Universidad de Antioquia, CODI e Indeportes. aDeshidratación 7aEjercicio físico2embne aHidrocortisona 0aActividad física10aJaramillo Londoño, Hilda Nora4auteaut